000 00779nam a2200241 i 4500
001 C2-0219170
003 PPAK
005 20180728111448.0
008 990822s1992 cau |||| ||||| | eng d
020 _a1555424317
040 _aPPAK
_beng
_cPPAK
_erda
082 0 4 _a378.73
_2 23
090 0 0 _a378.73
_bBER
_dKSA
100 1 _aBergquist, William H.,
_eauthor
245 1 4 _aThe four cultures of the academy :
_binsights and strategies for improving leadership in collegiate organizations
264 1 _aSan Francisco :
_bJossey - Bass ,
_c1992
300 _axvii, 250 pages ;
_c22 cm
336 _2rdacontent
_atext
337 _2rdamedia
_aunmediated
338 _2rdacarrier
_avolume
650 1 0 _aUniversities and colleges-United States-Administration
942 _ddc
_cB
999 _c161795
_d161795